01010cam a22002654a 4500020003100000020002800031040000800059082002600067245004500093246004600138260006400184300003600248650002500284650003700309650002900346650003700375650002900412650002500441650002900466700001900495700002600514856006800540856006800608856006800676 a9780470987674 (alk. paper) a0470987677 (alk. paper) cDLC00a362 HOB 2007 C148 Or.00a40 years of academic public psychiatry /3 aForty years of academic public psychiatry aChichester, West Sussex ;aHoboken, NJ :bJ. Wiley,cc2007. axxvii, 210 p. :bill. ;c26 cm. 0aCommunity psychiatry 0aCommunity mental health services 0aAcademic medical centers12aCommunity Mental Health Services22aAcademic Medical Centers22aCommunity Psychiatry22aHealth Services Research1 aJacobs, Selby,1 aGriffith, Ezra E. H.,42uhttp://www.loc.gov/catdir/enhancements/fy0806/2007040688-d.html41uhttp://www.loc.gov/catdir/enhancements/fy0806/2007040688-t.html42uhttp://www.loc.gov/catdir/enhancements/fy0833/2007040688-b.html